000 01096nji a22002657a 4500
005 20100903161258.0
006 a|||||r|||||00| 0
007 sd ammalaaahaa
008 100830t xxu||||| |||| 00| 0 eng d
028 _aVE 1503
_bColumbia
035 _aGR-00945
040 _aSED
_cSED
100 _917455
_aSaigal, K L
245 _aDunaya mein hu dunaya ka talbagaar nahi hu /
_cby K L Saigol
_h[sound recording] :
246 _aदुनया में हु दुनया का तलबगार नहीं हु / के ल सैगोल
260 _aDum Dum, India
_bColumbia
300 _a1 sound disc [Gramophone Recording]:
_banalog, 33 1/3 rpm
_c9.5 in. (MP)
_fGramophone Record
500 _aBrief Record
505 _aSide-2 कौन विराने में देखेगा बहार (Kaun viraaney mein dekhey ga bahar) ( K L saigal)
650 _aClassical music
_zIndia
_91186
_xExcerpts
700 _917416
700 _917456
942 _2ddc
_cGR
999 _c44151
_d44151